ბათუმის შოთა რუსთაველის სახელმწიფო უნივერსიტეტის ბიბლიოთეკა

ჩანაწერი Personal Name

ჩანაწერთა რაოდენობა, რომელიც გამოყენებულია: 3

001 - CONTROL NUMBER

  • control field: 16527

003 - CONTROL NUMBER IDENTIFIER

  • control field: GE_BSU

005 - DATE AND TIME OF LATEST TRANSACTION

  • control field: 20221222160935.0

008 - FIXED-LENGTH DATA ELEMENTS

  • fixed length control field: 221222|| aca||aabn | a|a d

040 ## - CATALOGING SOURCE

  • Original cataloging agency: GE_BSU
  • Transcribing agency: GE_BSU

100 ## - HEADING--PERSONAL NAME

  • Personal name: ლებანიძე, მურმან, 1922-2002, ავტორი.

670 ## - SOURCE DATA FOUND

  • Source citation: Work cat.: (GE_BSU): ლებანიძე, მურმან, 1922-2002, ავტორი., რჩეული ლირიკა /